The years that count: (Record no. 6619)

MARC details
000 -LEADER
fixed length control field 00711cam a22002411 4500
001 - CONTROL NUMBER
control field 8879706
003 - CONTROL NUMBER IDENTIFIER
control field GBCCL
005 - DATE AND TIME OF LATEST TRANSACTION
control field 20241126110607.0
008 - FIXED-LENGTH DATA ELEMENTS--GENERAL INFORMATION
fixed length control field 771109s1958 xx 000 0 eng
035 ## - SYSTEM CONTROL NUMBER
System control number (OCoLC)3405667
040 ## - CATALOGING SOURCE
Original cataloging agency DLC
Transcribing agency MoSpE
Modifying agency DLC
042 ## -
-- premarc
050 00 -
-- BV4531.2
-- .R5
082 ## - DEWEY DECIMAL CLASSIFICATION NUMBER
Classification number 248.83
Item number RIN
100 1# - MAIN ENTRY--PERSONAL NAME
Personal name Rinker, Rosalind
9 (RLIN) 5019
245 14 - TITLE STATEMENT
Title The years that count:
Remainder of title a book that lets young people think for themselves /
Statement of responsibility, etc. Rosalind Rinker
250 ## - EDITION STATEMENT
Edition statement 5th printing
260 ## - PUBLICATION, DISTRIBUTION, ETC.
Place of publication, distribution, etc. Grand Rapids:
Name of publisher, distributor, etc. Zondervan Pub. House,
Date of publication, distribution, etc. 1961
300 ## - PHYSICAL DESCRIPTION
Extent 118 p.;
Dimensions 20 cm.
650 #0 - SUBJECT ADDED ENTRY--TOPICAL TERM
Topical term or geographic name entry element Youth
General subdivision Religious life.
9 (RLIN) 460
906 ## - LOCAL DATA ELEMENT F, LDF (RLIN)
a 7
b cbc
c oclcrpl
d u
e ncip
f 19
g y-gencatlg
942 ## - ADDED ENTRY ELEMENTS (KOHA)
Source of classification or shelving scheme Dewey Decimal Classification
Koha item type Books
Holdings
Withdrawn status Lost status Source of classification or shelving scheme Damaged status Not for loan Home library Current Library Shelving location Date acquired Total checkouts Full call number Barcode Date last seen Copy number Price effective from Koha item type
    Dewey Decimal Classification     GRACE BIBLE COLLEGE GRACE BIBLE COLLEGE Ministry & Mission 2018-05-21   248.83 RIN 002177 2025-05-01 c.1 2018-05-21 Books
© Grace Bible College Library 2025